| 000 | 01466cam a22003495a 4500 | ||
|---|---|---|---|
| 999 |
_c15895 _d15895 |
||
| 003 | EG-ScBUE | ||
| 005 | 20210606113815.0 | ||
| 008 | 110823s2004 ua f b 00000 aradd | ||
| 017 | _a2004/15055 | ||
| 020 | _a9770192333 | ||
| 040 |
_aEG-ScBUE _bara _erda _cEG-ScBUE _dEG-ScBUE |
||
| 041 | 1 |
_aara _heng |
|
| 082 | 0 | 4 |
_a821.7 _bب ا ي _222 |
| 100 | 1 |
_aبايرون، _cاللورد، _d1788-1824, _eauthor. _926853 |
|
| 245 | 1 | 0 |
_aدون جوان : _bملحمة ساخرة. _nالجزء الأول، _pالأناشيد 1-4 / _cلورد بايرون ؛ ترجمها وكتب المقدمة والحواشى د. محمد عناني. |
| 260 | _c2004. | ||
| 264 | 1 |
_aالقاهرة : _bمهرجان القراءة للجميغ، _c2004. |
|
| 300 |
_a443 صفحة ؛ _c24 سم |
||
| 336 |
_2rdacontent _aنص _btxt |
||
| 337 |
_2rdamedia _aبدون وسيط _bn |
||
| 338 |
_2rdacarrier _aمجلد _bnc |
||
| 490 | 0 |
_aسلسلة روائع الأدب العالمي. _aمكتبة الأسرة |
|
| 504 | _aيشتمل على إرجاات ببليوجرافية. | ||
| 546 | _aالنص باللغة العربية وتم ترجمته من اللغة الإنجليزية. | ||
| 590 | _adoaa mohamed | ||
| 650 | 7 |
_916640 _aالشعر الإنجليزي _xدواوين وقصائد. _2BUEsh |
|
| 651 | _2BUEsh | ||
| 653 |
_bARALIT _cAugust2011 |
||
| 655 |
_vReading book _934232 |
||
| 700 | 1 |
_922179 _aعناني، محمد، _eمترجم. |
|
| 942 |
_2ddc _cBB |
||